| 000 | 00631nam a22002057a 4500 | ||
|---|---|---|---|
| 003 | OSt | ||
| 005 | 20140310182445.0 | ||
| 008 | 130805t xxu||||| |||| 00| 0 eng d | ||
| 020 | _a9780123705402 | ||
| 050 |
_aRS 189.H54 _b.H872 2007 |
||
| 245 | _aHPLC method development for pharmaceuticals / | ||
| 260 |
_aAmsterdam ; _bBoston : Elsevier, Academic Press, _cc2007. |
||
| 300 |
_a513 p. : _bill. ; _c25 cm. |
||
| 541 | _j1 | ||
| 562 | _e1 | ||
| 650 |
_aHigh performance liquid chromatography -- Methodology. _97735 |
||
| 650 |
_aDrugs -- Analysis. _97736 |
||
| 650 |
_aDrug development. _97737 |
||
| 942 |
_2lcc _cSSLC |
||
| 999 |
_c13597 _d13597 |
||